Plop /

Guardado en:
Autor Principal: Pinedo, Rafael
Formato: Libro
Publicado: Buenos Aires : Interzona, 2013
Materias:
Etiquetas: Agregar Etiqueta
Sin Etiquetas, Sea el primero en etiquetar este registro!
LEADER 00733nam a22002655a 4500
001 CEM.cems018169
005 20140325134414.0
008 130507s2013##################000#0#####d
003 CEMS
020 |a 9789871920020 
082 0 4 |a A868.4 
100 1 |a Pinedo, Rafael 
245 1 0 |a Plop /  |c Rafael Pinedo 
260 |a Buenos Aires :  |b Interzona,  |c 2013 
300 |a 140 p. 
653 |a Literatura 
653 |a Literatura argentina 
653 |a Novelas 
653 |a Novela argentina 
653 |a Narrativa 
653 |a Narrativa argentina 
653 |a Literatura juvenil 
653 |a Novela juvenil 
653 |a Ministerio de educación-colección literaria 
859 |a CEMS  |b BIB. CEMS - Agricultura  |h A868.4  |i P653  |p A2050.14  |t Ej.1